La coordination dans les réseaux de santé : entre logiques gestionnaires et dynamiques professionnelles (notice n° 1647469)

détails MARC
000 -LEADER
fixed length control field 02246cam a2200193 4500500
005 - DATE AND TIME OF LATEST TRANSACTION
control field 20260208003244.0
041 ## - LANGUAGE CODE
Language code of text/sound track or separate title fre
042 ## - AUTHENTICATION CODE
Authentication code dc
100 10 - MAIN ENTRY--PERSONAL NAME
Personal name Robelet, Magali
Relator term author
245 00 - TITLE STATEMENT
Title La coordination dans les réseaux de santé : entre logiques gestionnaires et dynamiques professionnelles
260 ## - PUBLICATION, DISTRIBUTION, ETC.
Date of publication, distribution, etc. 2005.<br/>
500 ## - GENERAL NOTE
General note 79
520 ## - SUMMARY, ETC.
Summary, etc. RésuméCet article cherche à renouveler l’analyse des dynamiques professionnelles dans le champ de la santé en appréhendant celles-ci dans leurs interactions avec les logiques portées par les acteurs gestionnaires (au sens de financeurs et/ou régulateurs). Ces interactions y sont abordées à travers la question de la coordination dans les réseaux de santé et, plus précisément, celle de l’injonction à mettre en place un mode particulier de coordination : une coordination formalisée. Trois points sont développés pour aborder cette question :la définition à un niveau national d’un cadre politique et institutionnel à la coordination ;l’impact des impératifs gestionnaires sur les mises en forme de la coordination observées sur nos terrains d’étude ;et le marché du travail et les carrières émergeant autour de la coordination.
520 ## - SUMMARY, ETC.
Summary, etc. This article proposes to renew analysis of professional dynamics in the health field by considering them in terms of their interaction with the logics promoted by regulatory (insurance funds and/or state) bodies. Interaction is addressed by looking at the issue of coordination in health networks with specific reference to the call to implement the specific model of formalized coordination. Three points are covered in relation to these issues:the national definition of an institutional and political framework for coordination;the impact of managerial requirements on the forms of coordination observable in the field;along with the job market and careers that are emerging in relation to coordination.
700 10 - ADDED ENTRY--PERSONAL NAME
Personal name Serré, Marina
Relator term author
700 10 - ADDED ENTRY--PERSONAL NAME
Personal name Bourgueil, Yann
Relator term author
786 0# - DATA SOURCE ENTRY
Note Revue française des affaires sociales | - | 1 | 2005-03-01 | p. 231-260 | 0035-2985
856 41 - ELECTRONIC LOCATION AND ACCESS
Uniform Resource Identifier <a href="https://shs.cairn.info/revue-francaise-des-affaires-sociales-2005-1-page-231?lang=fr&redirect-ssocas=7080">https://shs.cairn.info/revue-francaise-des-affaires-sociales-2005-1-page-231?lang=fr&redirect-ssocas=7080</a>

Pas d'exemplaire disponible.

PLUDOC

PLUDOC est la plateforme unique et centralisée de gestion des bibliothèques physiques et numériques de Guinée administré par le CEDUST. Elle est la plus grande base de données de ressources documentaires pour les Étudiants, Enseignants chercheurs et Chercheurs de Guinée.

Adresse

627 919 101/664 919 101

25 boulevard du commerce
Kaloum, Conakry, Guinée

Réseaux sociaux

Powered by Netsen Group @ 2025